|
|
|
|
| LEADER |
00000naa2a2200000 4500 |
| 001 |
634958 |
| 005 |
20250314155238.0 |
| 035 |
|
|
|a (RuTPU)RU\TPU\conf\36795
|
| 035 |
|
|
|a RU\TPU\conf\36792
|
| 090 |
|
|
|a 634958
|
| 100 |
|
|
|a 20221018d2022 k y0rusy50 ca
|
| 101 |
0 |
|
|a rus
|
| 102 |
|
|
|a RU
|
| 105 |
|
|
|a y z 100zy
|
| 135 |
|
|
|a drcn ---uucaa
|
| 181 |
|
0 |
|a i
|
| 182 |
|
0 |
|a b
|
| 200 |
1 |
|
|a Метасоматическая зональность на золоторудном месторождении Вернинское
|f А. Н. Николаева
|g науч. рук. А. К. Мазуров
|
| 203 |
|
|
|a Текст
|c электронный
|
| 225 |
1 |
|
|a Геология и генезис рудных месторождений, минерагения
|
| 300 |
|
|
|a Заглавие с экрана
|
| 320 |
|
|
|a [Библиогр.: с. 96 (5 назв.)]
|
| 461 |
|
1 |
|0 (RuTPU)RU\TPU\conf\36761
|t Проблемы геологии и освоения недр
|l Problems of Geology and Subsurface Development
|o труды XXVI Международного симпозиума имени академика М. А. Усова студентов и молодых учёных, посвященный 90-летию со дня рождения Н. М. Рассказова, 120-летию со дня рождения Л. Л. Халфина, 50-летию научных молодежных конференций имени академика М. А. Усова, Томск, 4-8 апреля 2022 г.
|o в 2 т.
|f Национальный исследовательский Томский политехнический университет, Инженерная школа природных ресурсов ; гл. ред. А. С. Боев ; под ред. Е. Ю. Пасечник
|d 2022
|
| 463 |
|
1 |
|0 (RuTPU)RU\TPU\conf\36762
|t Т. 1
|v [С. 93-96]
|d 2022
|
| 610 |
1 |
|
|a труды учёных ТПУ
|
| 610 |
1 |
|
|a электронный ресурс
|
| 610 |
1 |
|
|a метасоматическая зональность
|
| 610 |
1 |
|
|a золоторудные месторождения
|
| 610 |
1 |
|
|a месторождение Вернинское
|
| 610 |
1 |
|
|a осадочные породы
|
| 610 |
1 |
|
|a коллизионные процессы
|
| 700 |
|
1 |
|a Николаева
|b А. Н.
|c горный инженер
|c Старший преподаватель; Инженер-исследователь Томского политехнического университета, кандидат геолого-минералогических наук
|f 1998-
|g Анастасия Николаевна
|y Томск
|3 (RuTPU)RU\TPU\pers\47361
|9 22900
|
| 702 |
|
1 |
|a Мазуров
|b А. К.
|c горный инженер геолог
|c профессор-консультант Томского политехнического университета, доктор геолого-минералогических наук
|f 1951-
|g Алексей Карпович
|x TPU
|y Томск
|4 727
|9 11906
|
| 712 |
0 |
2 |
|a Национальный исследовательский Томский политехнический университет
|b Инженерная школа природных ресурсов
|b Отделение геологии
|3 (RuTPU)RU\TPU\col\23542
|
| 801 |
|
2 |
|a RU
|b 63413507
|c 20221118
|g RCR
|
| 856 |
4 |
|
|u http://earchive.tpu.ru/handle/11683/73836
|
| 942 |
|
|
|c BK
|